Introduction to numerical linear algebra and optimisation

שמור ב:
מידע ביבליוגרפי
מחבר ראשי: Ciarlet, Philippe G (Author)
פורמט: ספר
שפה:אנגלית
יצא לאור: Cambridge Cambridge University 1989
מהדורה:1a. ed
סדרה:Cambridge Texts in Applied Mathematics
נושאים:
תגים: הוספת תג
אין תגיות, היה/י הראשונ/ה לתייג את הרשומה!

MARC

LEADER 00000cam a2200000 a 4500
001 UCE9255
003 CL-VaPUC
008 151016e19890000us |||||||||||||||||eng|d
020 |a 0521339847 
082 0 4 |a 512.5  |b CIA  |2 21 
100 0 |a Ciarlet, Philippe G  |e author  |9 582028 
245 1 0 |a Introduction to numerical linear algebra and optimisation 
250 |a 1a. ed 
300 |a 436 p 
942 |c BK 
945 |d 20151016 11:49:00  |a cmena 
260 |a Cambridge  |b Cambridge University  |c 1989 
650 0 |a Álgebra lineal   |9 260445 
650 0 |a Análisis numérico   |9 259387 
650 0 |a Optimización matemática  |9 259780 
583 |a last modification  |c 20151016 11:49:00  |k Rodrigo Vera 
490 0 |a Cambridge Texts in Applied Mathematics 
999 |c 360925  |d 360923 
952 |0 0  |1 0  |3 erb  |4 0  |6 512_500000000000000_CIA_1989  |7 0  |8 A  |9 471205  |a BIBMAT  |b BIBMAT  |i 5243513  |o 512.5 CIA 1989  |p 5243513  |r 2025-01-07  |w 2019-11-24  |y BK  |z Catalogado en:20151016  |k MAT